literature featuring countries - Statistics

General Stats
  • This quiz has been taken 21 times
  • The average score is 12 of 15
Answer Stats
title type author year country % Correct
All Quiet on the Western Front novel Erich Maria Remarque 1929 Germany
100%
A Portrait of the Artist as a Young Man novel James Joyce 1916 Ireland
100%
The Three Musketeers novel Alexandre Duma 1844 France
95%
Dead Souls novel Nikolai Gogol 1842 Russia
95%
Macbeth play William Shakespeare 1623 Scotland
95%
Beloved novel Toni Morrison 1987 The United States of America
90%
Persepolis graphic novel Marjane Satrapi 2003 Iran
80%
Pachinko novel Min Jin Lee 2017 Japan
80%
Peer Gynt play Henrik Ibsen 1867 Norway
80%
Midnight's Children novel Salman Rushdie 1981 India
75%
The Kite Runner novel Khaled Hosseini 2003 Afghanistan
70%
One Hundred Years of Solitude novel Gabriel García Márquez 1967 Colombia
65%
The Unbearable Lightness of Being novel Milan Kundera 1984 Czechoslovakia
60%
Things Fall Apart novel Chinua Achebe 1958 Nigeria
55%
The Stranger novel Albert Camus 1942 French Algeria
45%
No matching quizzes found
Score Distribution
Percent of People with Each Score
Percentile by Number Answered
Your Score History
You have not taken this quiz